The theory of taxation and public economics / (Registro nro. 7557)

Detalles MARC
000 -LEADER
fixed length control field 01126nam a2200301Ia 4500
003 - CONTROL NUMBER IDENTIFIER
control field OSt
005 - DATE AND TIME OF LATEST TRANSACTION
control field 20210413093134.0
008 - FIXED-LENGTH DATA ELEMENTS--GENERAL INFORMATION
fixed length control field 210310t2008 eu fr 001 0 eng d
020 ## - INTERNATIONAL STANDARD BOOK NUMBER
International Standard Book Number 9780691148212
040 ## - CATALOGING SOURCE
Original cataloging agency CO-JMCR
Transcribing agency CO-JMCR
041 0# - LANGUAGE CODE
Language code of text/sound track or separate title eng
082 04 - DEWEY DECIMAL CLASSIFICATION NUMBER
Classification number 336.2001 /
Item number K176t
Edition number 23
100 1# - MAIN ENTRY--PERSONAL NAME
Personal name Kaplow, Liouis,
9 (RLIN) 14774
Relator term autor
245 14 - TITLE STATEMENT
Title The theory of taxation and public economics /
Statement of responsibility, etc. Louis Kaplow
260 ## - PUBLICATION, DISTRIBUTION, ETC.
Place of publication, distribution, etc. Nueva York,
Name of publisher, distributor, etc. Princeton University Press,
Date of publication, distribution, etc. ©2008
300 ## - PHYSICAL DESCRIPTION
Other physical details 472 páginas ;
Dimensions 23 cm.
500 ## - GENERAL NOTE
General note Incluye notas a pie de páginas e índice analítico
504 ## - BIBLIOGRAPHY, ETC. NOTE
Bibliography, etc. note Bibliografía: páginas [417]-454
505 0# - FORMATTED CONTENTS NOTE
Formatted contents note Framework -- Optimal taxation -- Government expenditures -- Additional aspects of taxation -- Distributive justice and social welfare
650 14 - SUBJECT ADDED ENTRY--TOPICAL TERM
Topical term or geographic name entry element Economía del bienestar
9 (RLIN) 14776
650 24 - SUBJECT ADDED ENTRY--TOPICAL TERM
Topical term or geographic name entry element Impuesto sobre la renta
9 (RLIN) 6672
650 24 - SUBJECT ADDED ENTRY--TOPICAL TERM
Topical term or geographic name entry element Justicia distributiva
9 (RLIN) 36750
650 24 - SUBJECT ADDED ENTRY--TOPICAL TERM
Topical term or geographic name entry element Fiscalidad - Teoría del beneficio
9 (RLIN) 36751
650 24 - SUBJECT ADDED ENTRY--TOPICAL TERM
Topical term or geographic name entry element La política fiscal
9 (RLIN) 36752
650 24 - SUBJECT ADDED ENTRY--TOPICAL TERM
Topical term or geographic name entry element Distribución (teoría económica)
9 (RLIN) 36753
650 24 - SUBJECT ADDED ENTRY--TOPICAL TERM
Topical term or geographic name entry element Impuestos
9 (RLIN) 36754
942 ## - ADDED ENTRY ELEMENTS (KOHA)
Source of classification or shelving scheme Dewey Decimal Classification
Koha item type Books
Existencias
Withdrawn status Lost status Source of classification or shelving scheme Damaged status Not for loan Collection code Home library Current library Date acquired Source of acquisition Total Checkouts Total Renewals Full call number Barcode Date last seen Date last checked out Koha item type
    Dewey Decimal Classification     Non-fiction Biblioteca Pública José María del Castillo y Rada Biblioteca Pública José María del Castillo y Rada 04/15/2018 Donación 2 4 336.2001 / K176t 430004516 09/25/2025 07/29/2025 Books